000 00239nmm a2200085Ia 4500
008 220120s9999||||xx |||||||||||||||||und||
100 _aDigit
245 4 _aThe advantures of sherlock holmes, the adventures of tom saw
260 _aNine dot Nine
999 _c139949
_d139949